Educar mentes curiosas: el reto de la ciencia en la escuela

Na minha lista:
Detalhes bibliográficos
Autor principal: Claxton, Guy (Autor)
Formato: Livro
Idioma:espanhol
Publicado em: Madrid Visor 1991
coleção:Aprendizaje, 101
Assuntos:
Tags: Adicionar Tag
Sem tags, seja o primeiro a adicionar uma tag!

MARC

LEADER 00000nam a2200000 a 4500
001 UCH5339
003 CL-VaPUC
008 091014e19910000SP |||||||||||||||||spa|d
020 |a 8477741018 
082 0 4 |a 507  |b CLA  |2 21 
100 0 |a Claxton, Guy  |e author  |9 541637 
245 1 0 |a Educar mentes curiosas: el reto de la ciencia en la escuela 
300 |a 185 p 
942 |c BK 
945 |d 20091014 00:00:00  |a ccalabra 
260 |a Madrid  |b Visor  |c 1991 
650 0 |a Educación  |9 258661 
650 0 |a Ciencia  |9 255691 
650 0 |a Psicología del aprendizaje  |9 306854 
650 0 |a Aprendizaje   |9 254827 
650 0 |a Ciencias naturales  |9 260542 
583 |a last modification  |c 20091014 00:00:00  |k Rodrigo Vera 
490 0 |a Aprendizaje, 101 
999 |c 336502  |d 336500